000 00512nam a2200157 a 4500
001 000030999
005 20250307114820.0
008 110609s1986 dr a 000 | spa d
040 _aDO-SdBNP
_bspa
_cBNPHU
082 _axxx
_bC397r
110 2 _aCentro de Estudios Monetarios y Bancarios (Santo Domingo, República Dominica)
_96023
245 1 0 _aRégimen de encaje legal de los bancos comerciales.
260 _aSanto Domingo :
_bEditora La Palabra,
_c1986.
300 _a59 p. :
_bil. ;
_c21 cm.
049 _aBNPD
999 _c30491
_d30491